|
|
|
|
| LEADER |
01001nam a2200277Ia 4500 |
| 001 |
TVU_32052 |
| 008 |
210423s9999 xx 000 0 und d |
| 041 |
|
|
|a Vie
|
| 082 |
|
|
|a 338.10959786
|
| 082 |
|
|
|b Kh107
|
| 100 |
|
|
|a Trần, Tuấn Khanh
|
| 245 |
|
0 |
|a Giải pháp tái cơ cấu ngành nông nghiệp tại thành phố Trà Vinh, tỉnh Trà Vinh
|
| 245 |
|
0 |
|b Luận văn thạc sĩ. Chuyên ngành: Quản lý Kinh tế. Mã ngành: 8340410
|
| 245 |
|
0 |
|c Trần Tuấn Khanh ; Trương Thị Bé Hai (hướng dẫn khoa học)
|
| 260 |
|
|
|a Trà Vinh
|
| 260 |
|
|
|b Trường Đại học Trà Vinh
|
| 260 |
|
|
|c 2019
|
| 300 |
|
|
|a ix, 75 tr.
|
| 300 |
|
|
|b hình màu
|
| 300 |
|
|
|c 30 cm
|
| 650 |
|
|
|a Nông nghiệp; Cơ cấu
|
| 700 |
|
|
|a Trần Tuấn Khanh; Trương Thị Bé Hai
|
| 700 |
|
|
|e hướng dẫn khoa học
|
| 710 |
|
|
|a Ủy ban Nhân dân tỉnh Trà Vinh
|
| 710 |
|
|
|b Trường Đại học Trà Vinh
|
| 980 |
|
|
|a Trung tâm Học liệu Trường Đại học Trà Vinh
|